Estatísticas para Os 15 principais países afetados pela Covid-19 - 19 de junho

Clique aqui para jogar o quiz

Estatísticas Gerais

  • Esse quiz foi jogado 2 vezes
  • A pontuação média é 16 de 27

Estatísticas das Respostas

país% Correto
Alemanha
100%
Bélgica
100%
Brasil
100%
Espanha
100%
Estados Unidos
100%
França
100%
Irão
100%
Itália
100%
México
100%
Peru
100%
Reino Unido
100%
Rússia
100%
Catar
50%
Índia
50%
Irlanda
50%
Omã
50%
Panamá
50%
Suécia
50%
Turquia
50%
Armênia
0%
Bahrein
0%
Bielorrússia
0%
Chile
0%
Chile
0%
Kuweit
0%
Paquistão
0%
Singapura
0%

Distribuição das Pontuações

Percentil de Números Respondidos

Porcentagem de Pessoas com Cada Pontuação

Sua Pontuação Histórica

Você não jogou esse quiz